00502nam a2200181 a 4500001001300000003000900013005001700022008004100039020002600080082001500106100001400121245006000135260003500195300001000230500003500240505002600275650001900301nice12345678IN_TiNIC20260116014814.0131107s1988 lona grp 000 0 eng  a9780333154939c572.6400a949.5bBUR aBury, J B aHistory of Greeceb to the Death of Alexander the Great aLondonbMacmillan Press c1988 a577p  aincludes index and biblioraphy2 aBibliographies, Index aGreece-History